Sad Beautiful Tragic (TV) - Taylor Swift (All Lyrics) - Statistics

General Stats
  • This quiz has been taken 191 times
  • The average score is 165 of 191
Answer Stats
Lyrics % Correct
a
99%
A
99%
be
99%
beautiful,
99%
beautiful
99%
I
99%
love
99%
tragic
99%
tragic,
99%
sad,
98%
the
98%
We
98%
we
98%
affair
97%
had
97%
had,
97%
What
96%
you
96%
magic
95%
it,
94%
it
94%
to
94%
and
93%
And
93%
and,
93%
me
93%
me,
93%
just
92%
your
91%
of
90%
its
89%
try
89%
for
87%
in
87%
In
87%
listen?
87%
off
87%
all
86%
can't
86%
they
86%
could
85%
like
85%
fix
84%
oh
84%
there
84%
us,
84%
look
83%
back
82%
breakdown,
82%
tracks,
82%
tracks
82%
up,
82%
up
82%
get
81%
got
81%
'Cause
80%
Distance,
79%
fighting
79%
is
79%
Kiss
79%
time
79%
demons
78%
runs
78%
timin',
78%
darlin',
77%
deep
77%
too
77%
you're
77%
life
76%
Long
76%
long
76%
Silence,
76%
pocket
75%
train
75%
you've
75%
by
74%
handwritten
73%
little
73%
mean
73%
how
72%
late
72%
when
72%
notes
71%
taking
71%
Words,
71%
dreams,
70%
give
70%
wait
70%
will
70%
conversation
69%
different
69%
Hang
69%
cities
68%
sweet
68%
they'll
68%
girls,
67%
both
66%
Good
66%
meet
66%
beds
63%
face
63%
stood
63%
erasing
61%
lonely
61%
hopeful
60%
right
60%
wake
59%
warm
58%
locket
57%
Woah,
41%
woah,
41%
No matching quizzes found
Score Distribution
Percent of People with Each Score
Percentile by Number Answered
Your Score History
You have not taken this quiz